[Event "DM 2022 G7 Grp1"]
[Site "Svendborg"]
[Date "2022.04.12"]
[Round "1"]
[White "Rossen, Claus"]
[Black "Nielsen, Thomas"]
[Result "0-1"]
[WhiteElo "2159"]
[BlackElo "1924"]
[PlyCount "82"]
[EventDate "2022.04.12"]
[EventType "swiss"]
[EventRounds "7"]
[EventCountry "DEN"]

1. e4 c6 2. Nf3 d5 3. exd5 cxd5 4. Ne5 Nc6 5. d4 e6 6. c3 Bd7 7. Bd3 Nge7 8.
O-O Ng6 9. f4 Be7 10. Nd2 f5 11. g4 Ncxe5 12. fxe5 Qb6 13. a4 O-O-O 14. a5 Qc7
15. gxf5 exf5 16. Bxf5 Bxf5 17. Rxf5 Qd7 18. Rf1 Rhf8 19. Kh1 Rxf1+ 20. Nxf1
Qh3 21. Ne3 Rf8 22. Qg4+ Qxg4 23. Nxg4 Rf1+ 24. Kg2 Re1 25. Kf3 Bg5 26. Bxg5
Rxa1 27. b4 Kd7 28. Bd2 Ke6 29. Nf2 Ra2 30. Be1 Nh4+ 31. Kg3 Nf5+ 32. Kf3 Nh4+
33. Kg3 Nf5+ 34. Kf3 h5 35. h3 g5 36. Nd3 b6 37. axb6 axb6 38. Nf2 Nh4+ 39. Kg3
Nf5+ 40. Kf3 Nh4+ 41. Kg3 Re2 0-1

[Event "DM 2022 G7 Grp1"]
[Site "Svendborg"]
[Date "2022.04.12"]
[Round "1"]
[White "Saravana, Vedant Kumar"]
[Black "Jensen, Tobias Ilsoe"]
[Result "0-1"]
[WhiteElo "1877"]
[BlackElo "2154"]
[PlyCount "102"]
[EventDate "2022.04.12"]
[EventType "swiss"]
[EventRounds "7"]
[EventCountry "DEN"]

1. e4 c5 2. Nf3 d6 3. d4 cxd4 4. Nxd4 Nf6 5. Nc3 a6 6. Be2 e5 7. Nb3 Be7 8. Be3
Be6 9. a4 O-O 10. O-O Nbd7 11. Qd2 Rc8 12. a5 Qc7 13. Rfc1 h6 14. Bf3 Rfd8 15.
Na4 Nc5 16. Nbxc5 dxc5 17. Qc3 Nd7 18. Rd1 Qc6 19. b3 Qb5 20. Qb2 c4 21. Nc3
Qc6 22. b4 Nf6 23. Bb6 Rd7 24. h3 Bd8 25. b5 axb5 26. Qxb5 Qxb5 27. Nxb5 Bxb6
28. axb6 Rc6 29. Nc7 Rxb6 30. Nxe6 Rxd1+ 31. Rxd1 Rxe6 32. Rb1 Re7 33. Rb4 Rc7
34. Rb5 Nd7 35. Be2 Kf8 36. c3 Nc5 37. f3 Na4 38. Rb4 b5 39. Rxb5 Nxc3 40. Rb2
Nxe2+ 41. Rxe2 Ke7 42. Kf2 Kd6 43. Ke3 Kc5 44. Rb2 c3 45. Rb1 Kc4 46. Rc1 Kb3
47. Kd3 Rd7+ 48. Ke3 Kb2 49. Rf1 c2 50. Rf2 Kc3 51. Rf1 Rd1 0-1

[Event "DM 2022 G7 Grp1"]
[Site "Svendborg"]
[Date "2022.04.12"]
[Round "1"]
[White "Kovshoj, Sune"]
[Black "Ramkilde, Mikael"]
[Result "1-0"]
[WhiteElo "2125"]
[BlackElo "1911"]
[PlyCount "45"]
[EventDate "2022.04.12"]
[EventType "swiss"]
[EventRounds "7"]
[EventCountry "DEN"]

1. c4 e5 2. g3 Nf6 3. Bg2 c6 4. Nf3 e4 5. Nd4 d5 6. cxd5 cxd5 7. O-O Be7 8. Nc3
O-O 9. d3 exd3 10. Qxd3 g6 11. Bh6 Re8 12. Rad1 Nc6 13. Nxc6 bxc6 14. e4 Qb6
15. Be3 Qxb2 16. exd5 Rd8 17. Bd4 c5 18. Be5 Bf5 19. Qb5 Qc2 20. d6 Ng4 21.
dxe7 Rxd1 22. e8=Q+ Rxe8 23. Qxe8# 1-0

[Event "DM 2022 G7 Grp1"]
[Site "Svendborg"]
[Date "2022.04.12"]
[Round "1"]
[White "Svendsen, Peter Willer"]
[Black "Bratholm, Palle"]
[Result "1-0"]
[WhiteElo "1909"]
[BlackElo "2100"]
[PlyCount "113"]
[EventDate "2022.04.12"]
[EventType "swiss"]
[EventRounds "7"]
[EventCountry "DEN"]

1. e4 e6 2. d4 d5 3. exd5 exd5 4. Bd3 Nc6 5. c3 Bd6 6. Nf3 Nge7 7. O-O Bg4 8.
Re1 Qd7 9. Nbd2 O-O-O 10. Qc2 f6 11. b4 g5 12. a4 Bf5 13. a5 Bxd3 14. Qxd3 Qf5
15. Qxf5+ Nxf5 16. b5 Nb8 17. Nf1 a6 18. Rb1 axb5 19. Rxb5 c6 20. Rb2 Bc7 21.
Ra2 Rhe8 22. Be3 Nd6 23. N1d2 Nb5 24. Rc1 Na6 25. g3 h6 26. Nb3 Kb8 27. h4 g4
28. Nfd2 h5 29. c4 dxc4 30. Nxc4 Nb4 31. Rd2 Nd5 32. Kg2 f5 33. Bg5 Rd7 34. Nc5
Rf7 35. a6 b6 36. Nb3 f4 37. Ne5 Bxe5 38. dxe5 f3+ 39. Kf1 Nbc3 40. Nd4 c5 41.
e6 Rh7 42. Nc6+ Kc7 43. Nd8 Kb8 44. e7 b5 45. Rxc3 Nxc3 46. Rd7 Na4 47. Bf4+
Ka8 48. Nc6 Rhxe7 49. Nxe7 Nb6 50. Rb7 Rd8 51. Ke1 Re8 52. Kd1 Rd8+ 53. Kc1 Re8
54. Nc6 Re1+ 55. Kc2 Re2+ 56. Bd2 Nc4 57. Ra7# 1-0

[Event "DM 2022 G7 Grp1"]
[Site "Svendborg"]
[Date "2022.04.12"]
[Round "1"]
[White "Gregor, Bjarke"]
[Black "Hollesen, Kurt"]
[Result "1-0"]
[WhiteElo "2077"]
[BlackElo "1911"]
[PlyCount "119"]
[EventDate "2022.04.12"]
[EventType "swiss"]
[EventRounds "7"]
[EventCountry "DEN"]

1. e4 e6 2. d4 d5 3. Nc3 Nc6 4. Nf3 Nf6 5. Bg5 Be7 6. Bxf6 Bxf6 7. e5 Be7 8. h4
Bd7 9. h5 h6 10. Rh3 a6 11. Rg3 Bf8 12. Ne2 Ne7 13. c3 Nf5 14. Rh3 Bb5 15. g4
Ne7 16. a4 Bc4 17. b3 Bxe2 18. Bxe2 c5 19. dxc5 Nc6 20. b4 Qc7 21. Qd2 Nxe5 22.
Nxe5 Qxe5 23. Re3 Qg5 24. Qd4 Be7 25. f4 Qh4+ 26. Kd2 O-O 27. Qd3 Qf6 28. Rf1
Rfd8 29. Re5 d4 30. c4 a5 31. Qe4 Qh4 32. Bd3 Kf8 33. b5 Rac8 34. Qxb7 Bxc5 35.
Qf3 Bd6 36. Re4 Qe7 37. g5 Ba3 38. Ke2 Qb4 39. Kf2 Qe7 40. g6 f5 41. Re2 Rd6
42. Kg3 Qd7 43. Rd1 Bb4 44. Re5 Bc5 45. Rde1 Bb4 46. Rc1 Bc5 47. Qe2 Rb6 48.
Qf2 Rd6 49. Rce1 Bb4 50. Rd1 Bc5 51. Bf1 Bb4 52. Qc2 Bc5 53. Qd3 Qe7 54. Bg2
Rb6 55. Rde1 Bd6 56. Rxf5+ Kg8 57. Bd5 Bb4 58. Rxe6 Rxe6 59. Re5 Bd6 60. Rxe6
1-0

[Event "DM 2022 G7 Grp1"]
[Site "Svendborg"]
[Date "2022.04.12"]
[Round "1"]
[White "Christensen, John Christopher H"]
[Black "Marthedal, Anton Mehmet Yildiz"]
[Result "0-1"]
[WhiteElo "1837"]
[BlackElo "2025"]
[PlyCount "188"]
[EventDate "2022.04.12"]
[EventType "swiss"]
[EventRounds "7"]
[EventCountry "DEN"]

1. e4 c5 2. Nf3 d6 3. d4 cxd4 4. Nxd4 Nf6 5. Nc3 a6 6. Be3 e5 7. Nb3 Be6 8. f3
Be7 9. Qd2 h5 10. O-O-O Nbd7 11. Kb1 Rc8 12. Rg1 Nb6 13. Be2 Nc4 14. Bxc4 Rxc4
15. Qf2 Qc8 16. Rd3 O-O 17. h3 b5 18. Rc1 b4 19. Na4 Qb8 20. g4 d5 21. exd5
Nxd5 22. Nac5 Nxe3 23. Qxe3 Bc8 24. Re1 Qb5 25. Rd5 Rxc2 26. Rxe5 Bxc5 27. Nxc5
Rh2 28. Rxh5 g6 29. Rh4 Qc4 30. Qe5 f6 31. Qxh2 Qxc5 32. g5 Bf5+ 33. Rhe4 Bxe4+
34. fxe4 Qxg5 35. Qe2 Rd8 36. Qc4+ Kh8 37. Qxb4 Qg2 38. Qe7 Qd2 39. Qxf6+ Kh7
40. Qc3 Qd7 41. Re3 Qd1+ 42. Qc1 Qa4 43. b3 Qb5 44. Qc3 Rd1+ 45. Kb2 Qd7 46. e5
Rd2+ 47. Ka3 Qe7+ 48. b4 Rd5 49. Re4 a5 50. Kb3 axb4 51. Qxb4 Qe6 52. Qc4 Qb6+
53. Kc3 Rc5 54. e6 Qa5+ 55. Kd3 Rxc4 56. Kxc4 Qxa2+ 57. Kd4 Qd2+ 58. Ke5 Qg5+
59. Kd6 Qd8+ 60. Ke5 Kg7 61. h4 Qc7+ 62. Kd5 Qb7+ 63. Kd4 Qb2+ 64. Kd5 Qd2+ 65.
Ke5 Kf8 66. Rf4+ Ke8 67. Rf7 Qh2+ 68. Kf6 Qxh4+ 69. Kxg6 Qg4+ 70. Kf6 Qf4+ 71.
Kg6 Qe5 72. Rf5 Qxe6+ 73. Kg5 Qe3+ 74. Rf4 Ke7 75. Kf5 Kd6 76. Re4 Qf3+ 77. Rf4
Qd3+ 78. Kg4 Ke5 79. Rf3 Qe2 80. Kg3 Ke4 81. Rf8 Qe1+ 82. Kg2 Qd2+ 83. Rf2 Qg5+
84. Kf1 Ke3 85. Re2+ Kd3 86. Rf2 Qg4 87. Rg2 Qf3+ 88. Kg1 Ke3 89. Kh2 Qh5+ 90.
Kg1 Qh4 91. Rh2 Qe1+ 92. Kg2 Qf2+ 93. Kh3 Qf3+ 94. Kh4 Kf4 0-1

[Event "DM 2022 G7 Grp1"]
[Site "Svendborg"]
[Date "2022.04.12"]
[Round "1"]
[White "Jensen, Morten Frank"]
[Black "Poulsen, Peter Risgaard"]
[Result "1/2-1/2"]
[WhiteElo "2023"]
[BlackElo "1870"]
[PlyCount "213"]
[EventDate "2022.04.12"]
[EventType "swiss"]
[EventRounds "7"]
[EventCountry "DEN"]

1. d4 f5 2. Nc3 Nf6 3. Bg5 g6 4. Bxf6 exf6 5. e3 Bg7 6. h4 d5 7. h5 c6 8. Qf3
Be6 9. Bd3 Nd7 10. hxg6 hxg6 11. Rxh8+ Bxh8 12. g4 fxg4 13. Bxg6+ Ke7 14. Qf4
Qb8 15. Qxb8 Rxb8 16. Bd3 f5 17. Nge2 Nf6 18. Kd2 Bg7 19. Nf4 Ne4+ 20. Bxe4
fxe4 21. Rh1 Bf5 22. Nh5 Kf7 23. Ne2 Rh8 24. Neg3 Bd7 25. Nxg7 Rxh1 26. Nxh1
Kxg7 27. Ng3 Kg6 28. c4 Kg5 29. b3 Kh4 30. Ke1 Be6 31. c5 Bd7 32. b4 a6 33. Kf1
Kg5 34. Kg2 Be8 35. Ne2 Bd7 36. Kg3 Bc8 37. Nc1 Kf6 38. Kh4 Bd7 39. Nb3 Kf5 40.
Na5 Bc8 41. Nb3 Bd7 42. Nd2 Kf6 43. Nb3 Kf5 44. a4 Kf6 45. a5 Kg6 46. Nd2 Kf6
47. Nf1 Bc8 48. Kh5 Bd7 49. Nh2 Bc8 50. Kh4 Bd7 51. Nf1 Bc8 52. Kh5 Bd7 53. Nd2
Bc8 54. Nb1 Bd7 55. Nc3 Kf5 56. Na4 Be8+ 57. Kh4 Bd7 58. Nb6 Be6 59. Na8 Bc8
60. Nc7 Bd7 61. Kh5 Kf6 62. Na8 Kf5 63. Nb6 Be6 64. Na4 Bd7 65. Nc3 Kf6 66. Ne2
Bc8 67. Nf4 Bd7 68. Kh6 Kf5 69. Kh5 Kf6 70. Kh4 Bc8 71. Nh5+ Kg6 72. Ng3 Bd7
73. Nf1 Kf6 74. Nh2 Bc8 75. Nxg4+ Bxg4 76. Kxg4 Kg6 77. Kh4 Kh6 78. Kg4 Kg6 79.
f4 exf3 80. Kxf3 Kf5 81. Kf2 Kf6 82. Kg2 Kg6 83. Kf3 Kf5 84. e4+ dxe4+ 85. Ke3
Kf6 86. Kxe4 Ke6 87. Ke3 Ke7 88. Ke4 Ke6 89. d5+ cxd5+ 90. Kd4 Ke7 91. Ke5 d4
92. Kxd4 Kd8 93. Kc4 Kc7 94. b5 axb5+ 95. Kxb5 Kc8 96. Kb6 Kb8 97. Kb5 Kc7 98.
Kb4 Kb8 99. Kc3 Ka7 100. Kb4 Kb8 101. Kc4 Kc8 102. Kd5 Kd7 103. c6+ bxc6+ 104.
Kc5 Kc7 105. a6 Kb8 106. a7+ Kxa7 107. Kxc6 1/2-1/2

[Event "DM 2022 G7 Grp1"]
[Site "Svendborg"]
[Date "2022.04.12"]
[Round "1"]
[White "Rasmussen, Johnny Koust"]
[Black "Hansen, Erik Olsgaard"]
[Result "0-1"]
[WhiteElo "1826"]
[BlackElo "1974"]
[PlyCount "126"]
[EventDate "2022.04.12"]
[EventType "swiss"]
[EventRounds "7"]
[EventCountry "DEN"]

1. e4 c6 2. d4 d5 3. exd5 cxd5 4. c4 Nf6 5. Nc3 Nc6 6. Nf3 Bg4 7. cxd5 Nxd5 8.
Be2 e6 9. O-O Be7 10. Re1 O-O 11. Ne5 Bxe2 12. Nxc6 Bxd1 13. Nxd8 Rfxd8 14.
Rxd1 Rac8 15. Ne2 Rc2 16. Kf1 Kf8 17. Rb1 Ke8 18. Ke1 Bb4+ 19. Bd2 Bxd2+ 20.
Rxd2 Rc4 21. Rc1 Rdc8 22. Rxc4 Rxc4 23. Kd1 Kd7 24. a3 Kd6 25. Rd3 f5 26. Rg3
g6 27. Rh3 Rc7 28. Kd2 g5 29. Rd3 Nf6 30. Nc3 a6 31. h3 Nd5 32. Nxd5 Kxd5 33.
f3 Rc4 34. Rb3 b5 35. Ke2 Rc2+ 36. Kf1 Kxd4 37. a4 Rc5 38. axb5 axb5 39. Ra3
Rc1+ 40. Kf2 Rc2+ 41. Kf1 Rxb2 42. Ra7 Ke3 43. Ra3+ Kf4 44. Ra6 e5 45. Rf6 e4
46. g4 Rb1+ 47. Kf2 e3+ 48. Ke2 Rb2+ 49. Ke1 Kxf3 50. Rxf5+ Kg3 51. Rxg5 Kxh3
52. Re5 Kxg4 53. Rxe3 h5 54. Re8 h4 55. Rg8+ Kf3 56. Rh8 Kg3 57. Rg8+ Kh2 58.
Kf1 b4 59. Rb8 b3 60. Rb7 Rb1+ 61. Kf2 b2 62. Rb8 Rg1 63. Rb4 h3 0-1

[Event "DM 2022 G7 Grp1"]
[Site "Svendborg"]
[Date "2022.04.12"]
[Round "1"]
[White "Andersen, Rune Egede"]
[Black "Strachan, Christian C"]
[Result "1-0"]
[WhiteElo "1981"]
[BlackElo "1849"]
[PlyCount "73"]
[EventDate "2022.04.12"]
[EventType "swiss"]
[EventRounds "7"]
[EventCountry "DEN"]

1. e4 e6 2. d4 d5 3. exd5 exd5 4. Nf3 Bd6 5. Bd3 Ne7 6. O-O Bg4 7. Re1 c6 8.
Nbd2 Qc7 9. h3 Bh5 10. c4 Nd7 11. Qe2 Nf6 12. b3 Bg6 13. Bb2 Bxd3 14. Qxd3 O-O
15. Ne5 Bb4 16. Bc3 Bxc3 17. Qxc3 Rad8 18. c5 Ng6 19. b4 Rfe8 20. Nxg6 hxg6 21.
Qf3 Qd7 22. a4 a6 23. Kf1 Qf5 24. Qxf5 gxf5 25. f3 Kf8 26. Kf2 f4 27. Nb3 Re6
28. Rxe6 fxe6 29. Na5 Rd7 30. Rb1 Rc7 31. b5 axb5 32. axb5 Ke7 33. g4 g5 34. b6
Rc8 35. Nxb7 Rb8 36. Ra1 Rxb7 37. Ra7 1-0

[Event "DM 2022 G7 Grp1"]
[Site "Svendborg"]
[Date "2022.04.12"]
[Round "1"]
[White "Jalving, August"]
[Black "Zander, Emil"]
[Result "1/2-1/2"]
[WhiteElo "1879"]
[BlackElo "1968"]
[PlyCount "84"]
[EventDate "2022.04.12"]
[EventType "swiss"]
[EventRounds "7"]
[EventCountry "DEN"]

1. d4 Nf6 2. Bf4 g6 3. Nc3 d5 4. Qd2 Bf5 5. O-O-O c6 6. f3 h5 7. Nh3 b5 8. Kb1
Qa5 9. Nxd5 Bxc2+ 10. Ka1 Qxd2 11. Nc7+ Kd7 12. Rxd2 Bf5 13. Nxa8 Bxh3 14. Bxb8
Bh6 15. Rd1 Rxb8 16. gxh3 Be3 17. Rd3 Nd5 18. Bg2 Rxa8 19. f4 Bxf4 20. Bxd5
cxd5 21. Rf1 Bg5 22. Rxf7 Bf6 23. Kb1 Ke6 24. Rh7 Kf5 25. Re3 Re8 26. Rf7 g5
27. Re5+ Kg6 28. Rxf6+ Kxf6 29. Rxd5 a6 30. e4 h4 31. Rf5+ Kg6 32. d5 Rc8 33.
Re5 Rf8 34. Rxe7 Rf1+ 35. Kc2 Rf2+ 36. Kd1 Rxh2 37. d6 Rxh3 38. Ke2 Rh2+ 39.
Ke3 Rh1 40. Ke2 Rh2+ 41. Ke3 Rh1 42. Ke2 Rh2+ 1/2-1/2

[Event "DM 2022 G7 Grp1"]
[Site "Svendborg"]
[Date "2022.04.12"]
[Round "1"]
[White "Steenstrup, Svend"]
[Black "Nielsen, Karsten Ejvind"]
[Result "1-0"]
[WhiteElo "1941"]
[BlackElo "1789"]
[PlyCount "71"]
[EventDate "2022.04.12"]
[EventType "swiss"]
[EventRounds "7"]
[EventCountry "DEN"]

1. d4 Nf6 2. c4 g6 3. Nc3 Bg7 4. e4 d6 5. h3 O-O 6. Bd3 e5 7. Nge2 Nc6 8. d5
Ne7 9. g4 h5 10. f3 hxg4 11. hxg4 Bxg4 12. fxg4 Nxg4 13. Ng3 Qd7 14. Be2 Nf6
15. Be3 Nh7 16. Qd2 f5 17. exf5 gxf5 18. Bh6 f4 19. O-O-O Bxh6 20. Rxh6 Rf6 21.
Rxf6 Nxf6 22. Nce4 Rf8 23. Nxf6+ Rxf6 24. Ne4 Rh6 25. Rg1+ Kf8 26. Bg4 Qe8 27.
Ng5 Qa4 28. Ne6+ Kf7 29. b3 Qa3+ 30. Kb1 c6 31. Nc7 cxd5 32. Qg2 Kf8 33. Bh5
Nf5 34. Qg8+ Ke7 35. Qe8+ Kf6 36. Nxd5# 1-0

[Event "DM 2022 G7 Grp1"]
[Site "Svendborg"]
[Date "2022.04.13"]
[Round "2"]
[White "Jensen, Tobias Ilsoe"]
[Black "Andersen, Rune Egede"]
[Result "1-0"]
[WhiteElo "2154"]
[BlackElo "1981"]
[PlyCount "47"]
[EventDate "2022.04.12"]
[EventType "swiss"]
[EventRounds "7"]
[EventCountry "DEN"]

1. d4 d5 2. Bf4 Nf6 3. e3 c5 4. c3 Nc6 5. Nd2 e6 6. Ngf3 Be7 7. h3 O-O 8. Bd3
c4 9. Bc2 b5 10. a3 a5 11. O-O Bb7 12. Qe2 b4 13. e4 bxc3 14. bxc3 dxe4 15.
Nxe4 Qd5 16. Rfb1 Nd8 17. Nfg5 h6 18. Nxf6+ Bxf6 19. Be4 Qd7 20. Nh7 Re8 21.
Nxf6+ gxf6 22. Bxh6 Kh8 23. Bxb7 Nxb7 24. Qf3 1-0

[Event "DM 2022 G7 Grp1"]
[Site "Svendborg"]
[Date "2022.04.13"]
[Round "2"]
[White "Hansen, Erik Olsgaard"]
[Black "Kovshoj, Sune"]
[Result "1-0"]
[WhiteElo "1974"]
[BlackElo "2125"]
[PlyCount "95"]
[EventDate "2022.04.12"]
[EventType "swiss"]
[EventRounds "7"]
[EventCountry "DEN"]

1. e4 c5 2. Nf3 d6 3. Bb5+ Nd7 4. c3 Ngf6 5. Qe2 a6 6. Ba4 b5 7. Bc2 Bb7 8. O-O
e6 9. d4 Be7 10. Nbd2 Qc7 11. Bd3 O-O 12. Re1 e5 13. dxe5 dxe5 14. b3 Rfd8 15.
Nf1 Nf8 16. Ng3 Ne6 17. Nf5 Bf8 18. g3 Rac8 19. Bc2 b4 20. c4 Nd4 21. N3xd4
cxd4 22. Bg5 Qc6 23. Qf3 d3 24. Nh6+ gxh6 25. Bxf6 Qd7 26. Bxd8 dxc2 27. Bf6
Qe6 28. Rac1 Bc5 29. Rxc2 Rc6 30. Bh4 Bc8 31. g4 Qxg4+ 32. Qxg4+ Bxg4 33. Kg2
Rg6 34. Bg3 h5 35. h4 Bd4 36. Rf1 Bd7 37. Kh2 Bc6 38. f3 Rf6 39. Kg2 Rg6 40.
Rd2 Kf8 41. Rd3 Ke7 42. Kh2 a5 43. Bf2 Bc3 44. Bc5+ Kf6 45. Rg1 Kg7 46. Rd6 Bb7
47. Rb6 Bc8 48. Bf8+ 1-0

[Event "DM 2022 G7 Grp1"]
[Site "Svendborg"]
[Date "2022.04.13"]
[Round "2"]
[White "Nielsen, Thomas"]
[Black "Gregor, Bjarke"]
[Result "0-1"]
[WhiteElo "1924"]
[BlackElo "2077"]
[PlyCount "154"]
[EventDate "2022.04.12"]
[EventType "swiss"]
[EventRounds "7"]
[EventCountry "DEN"]

1. d4 Nf6 2. c4 e6 3. Nf3 d5 4. Nc3 Bb4 5. Bg5 h6 6. Bxf6 Qxf6 7. e3 O-O 8.
cxd5 exd5 9. Qb3 Qd6 10. a3 Ba5 11. Bd3 c6 12. O-O Nd7 13. Rad1 Nf6 14. Ne5 Bc7
15. f4 Ng4 16. Rde1 f5 17. Rf3 Bb6 18. Na4 Ba5 19. Re2 b5 20. Nc5 Bb6 21. Rc2
Nxe5 22. fxe5 Qd8 23. Rc1 Kh8 24. Qc2 Qg5 25. Rg3 Qh5 26. Rh3 Qg5 27. Rg3 Qh5
28. Qf2 Bxc5 29. Be2 Qf7 30. Rxc5 Bd7 31. Bd3 Qe6 32. Rf3 Rf7 33. e4 dxe4 34.
Bxe4 Qg6 35. Bb1 Raf8 36. Ba2 Re7 37. e6 Bxe6 38. Rxc6 Qe8 39. Rxe6 Rxe6 40.
Bxe6 Qxe6 41. Re3 Qa2 42. Qe2 Qd5 43. Rd3 Rd8 44. Kf2 Qc4 45. Qd2 Rd5 46. Qc3
Qa4 47. Qb3 Rxd4 48. Qxa4 Rxa4 49. Rd5 b4 50. Rd4 a5 51. axb4 Kh7 52. Ke3 Rxb4
53. Rd5 Rxb2 54. Rxa5 Rxg2 55. Rxf5 Rxh2 56. Kf3 Rh4 57. Rf7 Ra4 58. Kg3 h5 59.
Rb7 Kh6 60. Rb6+ g6 61. Kh3 Re4 62. Ra6 Kg5 63. Ra5+ Kf6 64. Ra6+ Kf5 65. Ra5+
Re5 66. Ra8 Re3+ 67. Kh2 g5 68. Rf8+ Kg4 69. Rf2 h4 70. Ra2 Kf4 71. Rf2+ Rf3
72. Ra2 Rd3 73. Rf2+ Ke3 74. Rf5 g4 75. Re5+ Kf2 76. Rf5+ Rf3 77. Ra5 Rh3# 0-1

[Event "DM 2022 G7 Grp1"]
[Site "Svendborg"]
[Date "2022.04.13"]
[Round "2"]
[White "Marthedal, Anton Mehmet Yildiz"]
[Black "Steenstrup, Svend"]
[Result "1-0"]
[WhiteElo "2025"]
[BlackElo "1941"]
[PlyCount "33"]
[EventDate "2022.04.12"]
[EventType "swiss"]
[EventRounds "7"]
[EventCountry "DEN"]

1. d4 d5 2. c4 e6 3. Nf3 Nf6 4. g3 dxc4 5. Bg2 b5 6. Ne5 c6 7. Nxc6 Qb6 8. Na5
Nd5 9. Bd2 Qxd4 10. Nc3 a6 11. O-O Be7 12. Bf4 Qxd1 13. Rfxd1 Nd7 14. Nxd5 exd5
15. Bxd5 Nb6 16. Bc6+ Bd7 17. Rxd7 1-0

[Event "DM 2022 G7 Grp1"]
[Site "Svendborg"]
[Date "2022.04.13"]
[Round "2"]
[White "Zander, Emil"]
[Black "Svendsen, Peter Willer"]
[Result "1/2-1/2"]
[WhiteElo "1968"]
[BlackElo "1909"]
[PlyCount "62"]
[EventDate "2022.04.12"]
[EventType "swiss"]
[EventRounds "7"]
[EventCountry "DEN"]

1. e4 e5 2. Nf3 Nf6 3. Nxe5 d6 4. Nf3 Nxe4 5. Nc3 Nxc3 6. dxc3 Be7 7. Be3 Nc6
8. Qd2 O-O 9. O-O-O Be6 10. Bd3 Ne5 11. Nxe5 dxe5 12. f4 exf4 13. Bxf4 c6 14.
Kb1 Qa5 15. a3 Rad8 16. Qe3 Rd7 17. Bxh7+ Kxh7 18. Rxd7 Bxa3 19. Rxb7 Bc5 20.
Qe4+ Kg8 21. c4 Qa6 22. Rb8 Rxb8 23. Bxb8 Bxc4 24. b3 Bd5 25. Qg4 Bxb3 26. cxb3
Qd3+ 27. Kb2 Bd4+ 28. Kc1 Be3+ 29. Kb2 Bd4+ 30. Kc1 Be3+ 31. Kb2 Bd4+ 1/2-1/2

[Event "DM 2022 G7 Grp1"]
[Site "Svendborg"]
[Date "2022.04.13"]
[Round "2"]
[White "Poulsen, Peter Risgaard"]
[Black "Jalving, August"]
[Result "1/2-1/2"]
[WhiteElo "1870"]
[BlackElo "1879"]
[PlyCount "69"]
[EventDate "2022.04.12"]
[EventType "swiss"]
[EventRounds "7"]
[EventCountry "DEN"]

1. d4 Nf6 2. Bf4 g6 3. Nc3 Bg7 4. e4 d6 5. Qd2 O-O 6. Bh6 c6 7. Bxg7 Kxg7 8.
Be2 b5 9. a3 a5 10. h4 h5 11. Nh3 Bb7 12. f3 b4 13. axb4 axb4 14. Na4 Nbd7 15.
Qxb4 Qc7 16. Qd2 e5 17. O-O d5 18. exd5 cxd5 19. dxe5 Qxe5 20. f4 Qe7 21. Bf3
Ne4 22. Bxe4 dxe4 23. Qd4+ Nf6 24. Nc5 Bc6 25. Rxa8 Bxa8 26. Ng5 e3 27. Re1 e2
28. Kf2 Rd8 29. Qe5 Qa7 30. b4 Rd5 31. Qa1 Qxa1 32. Rxa1 Rd1 33. Nce6+ Kh6 34.
Nxf7+ Kh7 35. Nfg5+ 1/2-1/2

[Event "DM 2022 G7 Grp1"]
[Site "Svendborg"]
[Date "2022.04.13"]
[Round "2"]
[White "Bratholm, Palle"]
[Black "Jensen, Morten Frank"]
[Result "1/2-1/2"]
[WhiteElo "2100"]
[BlackElo "2023"]
[PlyCount "111"]
[EventDate "2022.04.12"]
[EventType "swiss"]
[EventRounds "7"]
[EventCountry "DEN"]

1. c4 e6 2. Nc3 d5 3. d4 Nf6 4. Bg5 dxc4 5. e3 c5 6. Nf3 Nc6 7. Bxc4 cxd4 8.
exd4 h6 9. Be3 Be7 10. O-O O-O 11. Ne5 Nb4 12. Qf3 Nc2 13. Rad1 Nxe3 14. fxe3
Rb8 15. d5 Qa5 16. Bb3 exd5 17. Nxd5 Nxd5 18. Rxd5 Qc7 19. Ng6 Be6 20. Nxf8
Bxd5 21. Qxd5 Rxf8 22. Rxf7 Rxf7 23. Qxf7+ Kh7 24. Qf5+ Kh8 25. Bc2 Kg8 26.
Qe6+ Kf8 27. Qf5+ Bf6 28. b4 Qb6 29. Qe4 Be7 30. a3 Qc7 31. Qf5+ Bf6 32. Kf2 b6
33. g3 Qf7 34. Qc8+ Bd8+ 35. Ke2 Qc7 36. Qf5+ Qf7 37. g4 Qxf5 38. gxf5 Ke7 39.
Kd3 Kd6 40. Kc4 a6 41. a4 a5 42. b5 Ke5 43. Kc3 Bf6 44. Kd2 Kd5 45. Kd3 Ke5 46.
Ke2 Kd5 47. Kf3 Ke5 48. Kg4 Be7 49. Kh5 Bf6 50. Kg6 Kd5 51. Kf7 Kd6 52. Ke8 Bg5
53. Kf7 Bf6 54. Kg6 Ke5 55. Kf7 Kd6 56. Kg6 1/2-1/2

[Event "DM 2022 G7 Grp1"]
[Site "Svendborg"]
[Date "2022.04.13"]
[Round "2"]
[White "Strachan, Christian C"]
[Black "Rossen, Claus"]
[Result "0-1"]
[WhiteElo "1849"]
[BlackElo "2159"]
[PlyCount "61"]
[EventDate "2022.04.12"]
[EventType "swiss"]
[EventRounds "7"]
[EventCountry "DEN"]

1. c4 Nf6 2. Nc3 d5 3. cxd5 Nxd5 4. Nf3 c5 5. g3 Nc6 6. Bg2 Nc7 7. O-O e5 8. d3
Be7 9. b3 O-O 10. Bb2 b6 11. Rc1 Bg4 12. h3 Be6 13. Kh2 f5 14. Ne1 Qe8 15. e3
Rd8 16. Qe2 f4 17. Ne4 Nd5 18. Nc2 Ndb4 19. Nxb4 Nxb4 20. Rcd1 Qf7 21. gxf4
exf4 22. exf4 Nd5 23. Be5 Nxf4 24. Bxf4 Qxf4+ 25. Kg1 Rde8 26. Qe3 a5 27. Qxf4
Rxf4 28. d4 Bxh3 29. dxc5 Bxg2 30. Kxg2 Rxe4 31. cxb6 0-1

[Event "DM 2022 G7 Grp1"]
[Site "Svendborg"]
[Date "2022.04.13"]
[Round "2"]
[White "Nielsen, Karsten Ejvind"]
[Black "Saravana, Vedant Kumar"]
[Result "1-0"]
[WhiteElo "1789"]
[BlackElo "1877"]
[PlyCount "139"]
[EventDate "2022.04.12"]
[EventType "swiss"]
[EventRounds "7"]
[EventCountry "DEN"]

1. e4 e5 2. Nf3 Nc6 3. Bc4 Bc5 4. c3 Nf6 5. d3 d6 6. Bb3 h6 7. O-O Be6 8. h3
Qd7 9. Bxe6 fxe6 10. Be3 Bb6 11. Nbd2 d5 12. Bxb6 axb6 13. exd5 Qxd5 14. Nc4 e4
15. Ne3 Qxd3 16. Qxd3 exd3 17. Rfd1 O-O-O 18. Nc4 Ne4 19. Nce5 Nxe5 20. Nxe5
Rd5 21. Ng6 Re8 22. f3 Nc5 23. c4 Rg5 24. Nh4 Rd8 25. b4 Na4 26. Rd2 Nc3 27.
Kh2 Rd4 28. f4 Rxf4 29. Nf3 Rgf5 30. Rxd3 Ne4 31. Rad1 Nd6 32. Nd4 Re5 33. c5
bxc5 34. bxc5 Nf7 35. Ra3 Kb8 36. c6 Ree4 37. Rb1 Nd6 38. cxb7 Nxb7 39. Nc6+
Kc8 40. Ra8+ Kd7 41. Nb8+ Kc8 42. Na6+ Kd7 43. Rxb7 Kc6 44. Rxc7+ Kb6 45. Rxg7
Ra4 46. Nc7 Rxa8 47. Nxa8+ Kc6 48. Nc7 Kd6 49. Nb5+ Kc6 50. Nc3 Kd6 51. a4 Rc4
52. Nb5+ Ke5 53. Rg4 Rc5 54. Kg3 Kf6 55. Rf4+ Kg5 56. Nd4 Rc3+ 57. Rf3 Rc4 58.
Nxe6+ Kg6 59. Nf4+ Kg5 60. h4+ Kf5 61. Ne2+ Ke5 62. Ra3 h5 63. a5 Rg4+ 64. Kh3
Rg7 65. a6 Ra7 66. Ng3 Kd6 67. Nxh5 Kc6 68. g4 Kb6 69. g5 Rxa6 70. Rxa6+ 1-0

[Event "DM 2022 G7 Grp1"]
[Site "Svendborg"]
[Date "2022.04.13"]
[Round "2"]
[White "Ramkilde, Mikael"]
[Black "Christensen, John Christopher H"]
[Result "1-0"]
[WhiteElo "1911"]
[BlackElo "1837"]
[PlyCount "119"]
[EventDate "2022.04.12"]
[EventType "swiss"]
[EventRounds "7"]
[EventCountry "DEN"]

1. e4 c5 2. Nf3 e6 3. d4 cxd4 4. Nxd4 a6 5. c4 Qc7 6. Nc3 Nf6 7. a3 d6 8. Bd3
Be7 9. Qe2 Nbd7 10. f4 O-O 11. Be3 b6 12. b4 Re8 13. g4 Kh8 14. g5 Ng8 15. Rc1
Bb7 16. h4 Rac8 17. g6 fxg6 18. Nxe6 Qb8 19. Ng5 Nh6 20. h5 gxh5 21. Rxh5 Nf6
22. Rh4 Bd8 23. Kd2 Nxe4+ 24. Ncxe4 Bxe4 25. Rxh6 gxh6 26. Bd4+ Kg8 27. Nxe4 d5
28. Qg4+ Bg5 29. Nf6+ Kf7 30. Qh5+ Ke6 31. cxd5+ Kd6 32. Be5+ Rxe5 33. fxg5
Rxc1 34. Kxc1 Qc8+ 35. Kd2 Rxg5 36. Ne4+ Kxd5 37. Nxg5 hxg5 38. Qxg5+ Kd6 39.
Qh6+ Kd5 40. Qxh7 Qg4 41. Qf5+ Qxf5 42. Bxf5 Kc4 43. Kc2 a5 44. Bd3+ Kd5 45. b5
Kd4 46. Bf1 Kc5 47. Kc3 Kd5 48. Bg2+ Kc5 49. Bc6 Kd6 50. Kd4 Kc7 51. Kd5 a4 52.
Ke6 Kb8 53. Kd6 Ka7 54. Be4 Kb8 55. Bc2 Kb7 56. Bxa4 Kb8 57. Kc6 Ka7 58. Bc2
Kb8 59. Kxb6 Ka8 60. Ka6 1-0

[Event "DM 2022 G7 Grp1"]
[Site "Svendborg"]
[Date "2022.04.13"]
[Round "2"]
[White "Hollesen, Kurt"]
[Black "Rasmussen, Johnny Koust"]
[Result "1-0"]
[WhiteElo "1911"]
[BlackElo "1826"]
[PlyCount "71"]
[EventDate "2022.04.12"]
[EventType "swiss"]
[EventRounds "7"]
[EventCountry "DEN"]

1. e4 e5 2. c4 Nf6 3. Nc3 Nc6 4. g3 Bc5 5. Bg2 O-O 6. Nge2 a6 7. h3 d6 8. O-O
Nd4 9. d3 h6 10. Rb1 Bd7 11. b4 Ba7 12. Nxd4 Bxd4 13. Ne2 Ba7 14. d4 Rb8 15.
Be3 exd4 16. Bxd4 Bxd4 17. Qxd4 Re8 18. f4 Qe7 19. Nc3 b5 20. Rfe1 bxc4 21.
Qxc4 Bb5 22. Qd4 Qe6 23. a4 Bd7 24. Kh2 Rec8 25. e5 Ne8 26. g4 c5 27. bxc5 dxc5
28. Qd2 Rxb1 29. Rxb1 Bc6 30. Rb6 g6 31. Kg1 Ng7 32. Bxc6 Rxc6 33. Rb8+ Rc8 34.
Rxc8+ Qxc8 35. Nd5 Qd7 36. Nf6+ 1-0